000 01003nam a2200277Ia 4500
003 OSt
005 20221005111540.0
006 a|||||r|||| 00| 0
007 ta
008 221004b |||||||| |||| 00| 0 mar d
020 _a8126017074 (hbk)
_cIndian Rupees 450
024 _a41127
037 _bGift, 10/01/2019,
_cTextual
040 _aCRL
_cCRL
_bmar
041 _2mar
_amar
082 _aO155,3N23w, 152P3
100 _aगाडगील, गंगाधर, ले.
245 0 _aमहाभारत - एक चींटी का
246 _aMahābhārat - ek chīanṭī kā
260 _aनई दिल्ली
_bसाहित्य अकादेमी भारत
_c2003
300 _a802पृ0
_ccm.
650 _a मराठी साहित्य
650 _aमराठी कहानी
942 _hO155,3N23w, 152P3
_cTEXL
_2cc
999 _c1022144
_d1022144